00729 2200229 4500001002100000005001500021035002000036007000300056008004100059082000800100084001400108100005500122245014100177250001100318260004200329300002100371650003200392700003500424700001200459700001600471990001200487INLIS00000000001694620240814024533 a0010-0824000048ta240814 g 0 ind  a297 a297 AID c0 a'AIDH, bin Abdullah bin 'Aidh 'Ali Majdu' Al-Qarni1 aCambuk Hati /c'Aidh bin Abdullah bin 'Aidh 'Ali Majdu' Al-Qarni; penerjemah, Bahrun Abubakar Ihsan Zubaidi; editor, Sumbodo, Eni Oesman acet.10 aBandung :bIrsyad Baitus Salam,c2004 a359 hlm ;c21 cm 4aISLAM SEBAGAI PEDOMAN HIDUP0 aBAHRUN, Abubakar Ihsan Zubaidi0 aSUMBODO0 aENI, Oesman a12146 a